Bundesstraßen erraten mit einen Tipp nur 2 Min Zeit - Statistiken

Allgemein
  • Dieses Quiz wurde 5 mal gespielt
  • Das Durchschnittsergebnis liegt bei 3 aus 11
Antwortstatistiken
Tipp A % Korrekt
Dieser Bundesstraße hatte schon mal eine Länge bis zu 634km gehabt B1
100%
Dieser Bundesstraße Endet in Nord und endet in Süden Salzburg B150
40%
Dieser Bundesstraße endet mit zusammen Stecke mit "B54" B50
40%
Dieser Bundesstraße hat einer die kürzesten stecke B12b
20%
Dieser Bundesstraße wird von der S16 des Tunnelsperre abgeleitet (2024) B197
20%
Dieser Bundesstraße wurde S1 geändert B301
20%
Dieser Bundesstraße wird mit Salzach und dann mit Saalach geführt B311
20%
Dieser Bundesstraße hat die gleiche Länge von E651 B320
20%
Dieser Bundesstraße wird als S34 geplannt B334
20%
Dieser Bundesstraße gibt es wenn die S37 jetzt als "Klagenfurter Schnellstraße" benannt wurde B337
20%
Dieser Bundesstraße wurde schonmal mit einer Schnellstraße zusammen gebunden B3 B317
0%
Keine übereinstimmenden Quizze gefunden
Verteilung der Resultate
Anzahl Personen mit jedem Resultat
Perzentil nach korrekt beantworteten Fragen
Ihre Resultats-Entwicklung
Sie haben dieses Quiz noch nicht gespielt